|
|
|
|
| LEADER |
00000nam a2200000 a 4500 |
| 001 |
vtls001293334 |
| 003 |
SK-MaSNL |
| 005 |
20260302032742.0 |
| 008 |
251124s1997 RU 0 rus |
| 020 |
|
|
|c [75,00]
|
| 035 |
|
|
|a SNK000245100
|
| 040 |
|
|
|a SNK
|b slo
|c SNK
|e AACR2
|
| 044 |
|
|
|a RU
|
| 080 |
|
|
|a 015(470)
|2 1981
|
| 080 |
|
|
|a 018.1(470-21)
|2 1981
|
| 245 |
1 |
|
|a Russkoje zarubež'je
|b katalog izdanij, postupivšich v Rossijskuju nacional'nuju biblioteku v 1991-1993 gg.
|n [vyp. 1]
|c [sostaviteli: T.I. Adrianova ... [et. al.]]
|
| 260 |
|
|
|a Sankt-Peterburg
|b Izdatel'stvo Rossijskoj nacional'noj biblioteki
|c 1997
|
| 300 |
|
|
|a 240 s.
|c 21 cm
|
| 610 |
0 |
7 |
|a Ruská národná knižnica
|a Sankt-Peterburg, Rusko
|x tlače zahraničné ruské
|x katalógy
|2 SNK
|9 682123
|
| 611 |
1 |
7 |
|a Ruská národná knižnica
|a Sankt-Peterburg, Rusko
|x tlače zahraničné ruské
|x katalógy
|2 SNK
|9 682124
|
| 650 |
0 |
7 |
|a tlače zahraničné ruské
|x katalógy
|2 SNK
|9 682125
|
| 700 |
1 |
|
|a Adrianova, T.I.
|4 aut
|9 682126
|
| 999 |
|
|
|c 1058211
|d 1060141
|
| 952 |
|
|
|t P60, <04>, [BOOK], {604}
|a SNK
|b SNK
|y VYP
|7 0
|p 17A0072060
|o snkIC 126758/1
|i snkV 1788/97
|0 0
|1 0
|4 0
|d 1997-07-07
|l 0
|r 2005-01-02 00:00:00
|w 2026-02-24
|